Peter Rabbit's 1 2 3 / (Record no. 49485)
| 000 -LEADER | |
|---|---|
| fixed length control field | 00598nam a2200133 4500 |
| 020 ## - INTERNATIONAL STANDARD BOOK NUMBER | |
| International Standard Book Number | 9780723234241 |
| 100 ## - MAIN ENTRY--PERSONAL NAME | |
| Personal name | Potter, Beatrix, |
| Relator term | author. |
| 245 ## - TITLE STATEMENT | |
| Title | Peter Rabbit's 1 2 3 / |
| Statement of responsibility, etc | Based on original and authorized stories by Beatrix Potter. |
| 260 ## - PUBLICATION, DISTRIBUTION, ETC. (IMPRINT) | |
| Place of publication, distribution, etc | England ; |
| Name of publisher, distributor, etc | Warne : |
| Date of publication, distribution, etc | February 1, 1988. |
| 300 ## - PHYSICAL DESCRIPTION | |
| Extent | 32 pages. |
| Dimensions | 7.22 x 0.35 x 7.22 inches. |
| 500 ## - GENERAL NOTE | |
| General note | Using Beatrix Potter's beloved Peter Rabbit and other animal characters and illustrations from her original "Little Books," preschoolers learn their numbers from one to twelve. Original. |
| 650 ## - SUBJECT ADDED ENTRY--TOPICAL TERM | |
| 9 (RLIN) | 57609 |
| Topical term or geographic name as entry element | Numbers. |
| 942 ## - ADDED ENTRY ELEMENTS (KOHA) | |
| Source of classification or shelving scheme | |
| Koha item type | Book |
| Withdrawn status | Lost status | Source of classification or shelving scheme | Damaged status | Not for loan | Home library | Current library | Date acquired | Total Checkouts | Full call number | Barcode | Date last seen | Date checked out | Price effective from | Koha item type |
|---|---|---|---|---|---|---|---|---|---|---|---|---|---|---|
| Logos International School | Logos International School | 09/03/2025 | 1 | E 510 POT | 042950 | 02/10/2026 | 02/05/2026 | 09/03/2025 | Book |